| Tag |
First Indicator |
Second Indicator |
Subfields |
| LEADER |
00000cam a2200000 a 4500 |
| 001 |
in00000026011 |
| 005 |
20190207093355.0 |
| 008 |
860123s1986 txubc b 00010 eng |
| 010 |
|
|
|a 86050100
|
| 020 |
|
|
|a 0874041554 (pbk.)
|
| 020 |
|
|
|a 0874041589
|
| 035 |
|
|
|a (OCoLC)14283340
|
| 035 |
|
|
|9 AAB9225AM
|
| 040 |
|
|
|a DLC
|c DLC
|d IKM
|d TXA
|d UtOrBLW
|
| 043 |
|
|
|a n-us-tx
|a n-us---
|
| 049 |
|
|
|a TXAM
|c 1 [A11674241]
|a TXAS [mil]
|c 2
|
| 050 |
0 |
0 |
|a E532.6 2nd
|b .T48 1986
|
| 082 |
0 |
|
|a 973.7/464
|2 19
|
| 086 |
|
|
|a Z UA550.7 So89 no.78
|2 txdocs
|
| 100 |
1 |
|
|a Thompson, Jerry D.
|
| 245 |
1 |
0 |
|a Mexican Texans in the Union Army /
|c by Jerry D. Thompson.
|
| 250 |
|
|
|a 1st ed.
|
| 264 |
|
1 |
|a El Paso, Tex. :
|b Texas Western Press,
|c [1986]
|
| 264 |
|
4 |
|c ©1986
|
| 300 |
|
|
|a ix, 82 pages :
|b maps, portraits ;
|c 23 cm.
|
| 336 |
|
|
|a text
|b txt
|2 rdacontent
|
| 337 |
|
|
|a unmediated
|b n
|2 rdamedia
|
| 338 |
|
|
|a volume
|b nc
|2 rdacarrier
|
| 490 |
1 |
|
|a Southwestern studies ;
|v no. 78
|
| 500 |
|
|
|a The Cushing Library/Chapman Texas Collection copy is part of the Floyd & Louise Chapman Texas & Borderlands Collection.
|5 TXA
|
| 504 |
|
|
|a Bibliography: pages [76]-82.
|
| 610 |
1 |
0 |
|a United States.
|b Army.
|b Texas Cavalry, 2nd
|x History.
|
| 651 |
|
0 |
|a Texas
|x History
|y Civil War, 1861-1865
|x Regimental histories.
|
| 651 |
|
0 |
|a United States
|x History
|y Civil War, 1861-1865
|x Regimental histories.
|
| 651 |
|
0 |
|a Texas
|x History
|y Civil War, 1861-1865
|x Participation, Mexican American.
|
| 651 |
|
0 |
|a United States
|x History
|y Civil War, 1861-1865
|x Participation, Mexican American.
|
| 650 |
|
0 |
|a Mexican Americans
|z Texas
|x History
|y 19th century.
|
| 651 |
|
0 |
|a Zapata County (Tex.)
|x History.
|
| 650 |
|
0 |
|a Mexican Americans
|z Texas
|x History.
|
| 830 |
|
0 |
|a Southwestern studies (El Paso, Tex.) ;
|v monograph no. 78.
|
| 999 |
|
|
|a MARS
|
| 999 |
f |
f |
|s 3b7acda8-bf60-36c2-bae7-40b1575af49c
|i a2517321-cad5-390e-80cf-a0cbb0fcb6cb
|t 0
|
| 952 |
f |
f |
|p normal
|a Texas A&M University
|b College Station
|c Sterling C. Evans Library
|d Evans: Library Stacks
|t 0
|e E532.6 2nd .T48 1986
|h Library of Congress classification
|i unmediated -- volume
|m A14841933527
|
| 952 |
f |
f |
|p noncirc
|a Texas A&M University
|b College Station
|c Cushing Memorial Library & Archives
|d Cushing: Chapman Texas Collection (Does not check out)
|t 0
|e E532.6 2nd .T48 1986
|h Library of Congress classification
|i unmediated -- volume
|
| 998 |
f |
f |
|a E532.6 2nd .T48 1986
|t 0
|l Evans: Library Stacks
|
| 998 |
f |
f |
|a E532.6 2nd .T48 1986
|t 0
|l Cushing: Chapman Texas Collection (Does not check out)
|